{"text_format":"3","workbook":"xlsx","n_sheets":1,"sheets":["t101"],"read":"whole","date_system":"1900"}

{"sheet":"t101","index":0,"n_rows":179,"n_cols":7,"rows_kept":179,"merged":[[0,0,0,6],[28,0,28,5],[42,0,42,5],[150,0,150,5]]}
["TABELA 101.1 - Estatísticas Agrícolas, Município de Caiabu, Estado de São Paulo, 2016/17."]
["ITEM","UNIDADE","N.DE UPAs","MÍNIMO","MÉDIO","MÁXIMO","TOTAL"]
["Distância à sede do município","km",586,0.1,{"v":8.84,"d":"8.8"},{"v":30,"d":"30.0"},"-"]
["Área total","hectare",586,0.5,{"v":42.36,"d":"42.4"},{"v":3952.9,"d":"3,952.9"},{"v":24824.23,"d":"24,824.2"}]
["Área com cultura perene","hectare",31,0.1,{"v":1.48,"d":"1.5"},12.1,45.9]
["Área com cultura temporária","hectare",154,0.1,{"v":70.58,"d":"70.6"},{"v":3686.8,"d":"3,686.8"},{"v":10868.7,"d":"10,868.7"}]
["Área com pastagem","hectare",546,0.2,{"v":21.98,"d":"22.0"},{"v":1140.1,"d":"1,140.1"},{"v":12003,"d":"12,003.0"}]
["Área com reflorestamento","hectare",101,0.1,{"v":1.81,"d":"1.8"},25.1,183.3]
["Área com vegetação natural","hectare",332,0.1,{"v":4.01,"d":"4.0"},215.4,{"v":1330.93,"d":"1,330.9"}]
["Área com vegetação de brejo e várzea","hectare",4,0.1,{"v":26.38,"d":"26.4"},{"v":100,"d":"100.0"},105.5]
["Área em descanso","hectare",5,0.1,{"v":4.26,"d":"4.3"},{"v":10,"d":"10.0"},21.3]
["Área complementar","hectare",408,0.1,{"v":0.65,"d":"0.7"},68.6,265.6]
["Área das UPAs com (0, 1] ha","hectare",11,0.5,{"v":0.51,"d":"0.5"},0.6,5.6]
["Área das UPAs com (1, 2] ha","hectare",25,1.1,{"v":1.34,"d":"1.3"},1.8,33.4]
["Área das UPAs com (2, 5] ha","hectare",110,2.1,{"v":3.41,"d":"3.4"},4.9,375.6]
["Área das UPAs com (5, 10] ha","hectare",119,5.3,{"v":7.56,"d":"7.6"},{"v":10,"d":"10.0"},899.4]
["Área das UPAs com (10, 20] ha","hectare",149,10.4,13.9,{"v":20,"d":"20.0"},{"v":2071.23,"d":"2,071.2"}]
["Área das UPAs com (20, 50] ha","hectare",103,20.2,{"v":30.39,"d":"30.4"},49.9,{"v":3129.9,"d":"3,129.9"}]
["Área das UPAs com (50, 100] ha","hectare",37,51.6,{"v":70.99,"d":"71.0"},96.4,{"v":2626.6,"d":"2,626.6"}]
["Área das UPAs com (100, 200] ha","hectare",18,108.9,{"v":137.46,"d":"137.5"},199.6,{"v":2474.3,"d":"2,474.3"}]
["Área das UPAs com (200, 500] ha","hectare",7,206.7,{"v":289.29,"d":"289.3"},{"v":428,"d":"428.0"},{"v":2025,"d":"2,025.0"}]
["Área das UPAs com (500, 1.000] ha","hectare",4,{"v":516,"d":"516.0"},{"v":710.15,"d":"710.2"},{"v":848,"d":"848.0"},{"v":2840.6,"d":"2,840.6"}]
["Área das UPAs com (1.000, 2.000] ha","hectare",1,{"v":1772.5,"d":"1,772.5"},{"v":1772.5,"d":"1,772.5"},{"v":1772.5,"d":"1,772.5"},{"v":1772.5,"d":"1,772.5"}]
["Área das UPAs com (2.000, 5.000] ha","hectare",2,{"v":2617.2,"d":"2,617.2"},{"v":3285.05,"d":"3,285.1"},{"v":3952.9,"d":"3,952.9"},{"v":6570.1,"d":"6,570.1"}]
["Área das UPAs com (5.000, 10.000] ha","hectare","-","-","-","-","-"]
["Área das UPAs acima de 10.000 ha","hectare","-","-","-","-","-"]
["Fonte: Secretaria de Agricultura e Abastecimento, CDRS/IEA, Projeto LUPA."]
[]
["TABELA 101.2 - Explorações Animais, Município de Caiabu, Estado de São Paulo, 2016/17."]
["ITEM","UNIDADE","N.DE UPAs","MÍNIMO","MÉDIO","MÁXIMO","TOTAL"]
["Apicultura","colmeias",1,{"v":20,"d":"20.0"},{"v":20,"d":"20.0"},{"v":20,"d":"20.0"},{"v":20,"d":"20.0"}]
["Asininos e muares","cabecas",11,{"v":1,"d":"1.0"},{"v":4.36,"d":"4.4"},{"v":35,"d":"35.0"},{"v":48,"d":"48.0"}]
["Avicultura de corte","cabecas/ano",5,{"v":5,"d":"5.0"},{"v":16,"d":"16.0"},{"v":30,"d":"30.0"},{"v":80,"d":"80.0"}]
["Bovinocultura de corte","cabecas",56,{"v":1,"d":"1.0"},{"v":119.96,"d":"120.0"},{"v":2099,"d":"2,099.0"},{"v":6718,"d":"6,718.0"}]
["Bovinocultura leiteira","cabecas",24,{"v":2,"d":"2.0"},{"v":15.46,"d":"15.5"},{"v":40,"d":"40.0"},{"v":371,"d":"371.0"}]
["Bovinocultura mista","cabecas",294,{"v":1,"d":"1.0"},{"v":34.23,"d":"34.2"},{"v":1187,"d":"1,187.0"},{"v":10063,"d":"10,063.0"}]
["Caprinocultura","cabecas",2,{"v":2,"d":"2.0"},{"v":3,"d":"3.0"},{"v":4,"d":"4.0"},{"v":6,"d":"6.0"}]
["Equinocultura","cabecas",216,{"v":1,"d":"1.0"},{"v":2.77,"d":"2.8"},{"v":105,"d":"105.0"},{"v":598,"d":"598.0"}]
["Ovinocultura","cabecas",10,{"v":3,"d":"3.0"},{"v":27,"d":"27.0"},{"v":120,"d":"120.0"},{"v":270,"d":"270.0"}]
["Suinocultura","cabecas",52,{"v":1,"d":"1.0"},{"v":7.54,"d":"7.5"},{"v":50,"d":"50.0"},{"v":392,"d":"392.0"}]
["Fonte: Secretaria de Agricultura e Abastecimento, CDRS/IEA, Projeto LUPA."]
[]
["TABELA 101.3 -  Máquinas, Implementos e Benfeitorias, Município de Caiabu, Estado de São Paulo, 2016/17."]
["ITEM","UNIDADE","N.DE UPAs","MÍNIMO","MÉDIO","MÁXIMO","TOTAL"]
["Arado comum (bacia, aiveca)","unidade",44,{"v":1,"d":"1.0"},{"v":1.41,"d":"1.4"},{"v":5,"d":"5.0"},{"v":62,"d":"62.0"}]
["Arado escarificador","unidade",4,{"v":1,"d":"1.0"},{"v":2.75,"d":"2.8"},{"v":8,"d":"8.0"},{"v":11,"d":"11.0"}]
["Arado subsolador","unidade",2,{"v":1,"d":"1.0"},{"v":1,"d":"1.0"},{"v":1,"d":"1.0"},{"v":2,"d":"2.0"}]
["Batedeira de cereais","unidade",16,{"v":1,"d":"1.0"},{"v":1,"d":"1.0"},{"v":1,"d":"1.0"},{"v":16,"d":"16.0"}]
["Carregadeira de cana","unidade",2,{"v":1,"d":"1.0"},{"v":3,"d":"3.0"},{"v":5,"d":"5.0"},{"v":6,"d":"6.0"}]
["Carreta de trator","unidade",1,{"v":1,"d":"1.0"},{"v":1,"d":"1.0"},{"v":1,"d":"1.0"},{"v":1,"d":"1.0"}]
["Colhedeira acoplada","unidade",4,{"v":1,"d":"1.0"},{"v":1.75,"d":"1.8"},{"v":3,"d":"3.0"},{"v":7,"d":"7.0"}]
["Colhedeira automotriz","unidade",2,{"v":1,"d":"1.0"},{"v":3,"d":"3.0"},{"v":5,"d":"5.0"},{"v":6,"d":"6.0"}]
["Conj.irrigacao autopropelido","unidade",1,{"v":3,"d":"3.0"},{"v":3,"d":"3.0"},{"v":3,"d":"3.0"},{"v":3,"d":"3.0"}]
["Conj.irrigacao convencional","unidade",3,{"v":1,"d":"1.0"},{"v":1.67,"d":"1.7"},{"v":3,"d":"3.0"},{"v":5,"d":"5.0"}]
["Conjunto de fenacao","unidade",1,{"v":2,"d":"2.0"},{"v":2,"d":"2.0"},{"v":2,"d":"2.0"},{"v":2,"d":"2.0"}]
["Desintegrador, picador, triturador","unidade",34,{"v":1,"d":"1.0"},{"v":1.06,"d":"1.1"},{"v":2,"d":"2.0"},{"v":36,"d":"36.0"}]
["Distribuidor de calcario","unidade",7,{"v":1,"d":"1.0"},{"v":1,"d":"1.0"},{"v":1,"d":"1.0"},{"v":7,"d":"7.0"}]
["Ensiladeira","unidade",7,{"v":1,"d":"1.0"},{"v":2.29,"d":"2.3"},{"v":8,"d":"8.0"},{"v":16,"d":"16.0"}]
["Grade aradora (tipo romi)","unidade",7,{"v":1,"d":"1.0"},{"v":1,"d":"1.0"},{"v":1,"d":"1.0"},{"v":7,"d":"7.0"}]
["Grade niveladora","unidade",35,{"v":1,"d":"1.0"},{"v":1.09,"d":"1.1"},{"v":4,"d":"4.0"},{"v":38,"d":"38.0"}]
["Implementos para tracao animal","unidade",46,{"v":1,"d":"1.0"},{"v":2.52,"d":"2.5"},{"v":6,"d":"6.0"},{"v":116,"d":"116.0"}]
["Misturador de racao","unidade",4,{"v":1,"d":"1.0"},{"v":1,"d":"1.0"},{"v":1,"d":"1.0"},{"v":4,"d":"4.0"}]
["Ordenhadeira mecanica","unidade",6,{"v":1,"d":"1.0"},{"v":1.33,"d":"1.3"},{"v":2,"d":"2.0"},{"v":8,"d":"8.0"}]
["Pulverizador tratorizado","unidade",11,{"v":1,"d":"1.0"},{"v":1.55,"d":"1.6"},{"v":5,"d":"5.0"},{"v":17,"d":"17.0"}]
["Resfriador de leite, tanque expansao","unidade",4,{"v":1,"d":"1.0"},1.5,{"v":3,"d":"3.0"},{"v":6,"d":"6.0"}]
["Semeadeira/adubadeira para plantio convencional","unidade",17,{"v":1,"d":"1.0"},{"v":1,"d":"1.0"},{"v":1,"d":"1.0"},{"v":17,"d":"17.0"}]
["Semeadeira/plantadeira plantio direto","unidade",2,{"v":1,"d":"1.0"},4.5,{"v":8,"d":"8.0"},{"v":9,"d":"9.0"}]
["Terraceador","unidade",2,{"v":1,"d":"1.0"},2.5,{"v":4,"d":"4.0"},{"v":5,"d":"5.0"}]
["Trator de esteiras","unidade",2,{"v":1,"d":"1.0"},{"v":2,"d":"2.0"},{"v":3,"d":"3.0"},{"v":4,"d":"4.0"}]
["Trator de pneus  acima de 85 cv","unidade",7,{"v":1,"d":"1.0"},{"v":8.71,"d":"8.7"},{"v":49,"d":"49.0"},{"v":61,"d":"61.0"}]
["Trator de pneus até 65 cv","unidade",36,{"v":1,"d":"1.0"},{"v":1.03,"d":"1.0"},{"v":2,"d":"2.0"},{"v":37,"d":"37.0"}]
["Trator de pneus de 66 cv a 85 cv","unidade",14,{"v":1,"d":"1.0"},{"v":1.36,"d":"1.4"},{"v":4,"d":"4.0"},{"v":19,"d":"19.0"}]
["Acude/represa","unidade",66,{"v":1,"d":"1.0"},{"v":2.26,"d":"2.3"},{"v":20,"d":"20.0"},{"v":149,"d":"149.0"}]
["Almoxarifado/oficina","unidade",4,{"v":1,"d":"1.0"},{"v":1.75,"d":"1.8"},{"v":2,"d":"2.0"},{"v":7,"d":"7.0"}]
["Armazem para graos ensacados","sacas",3]
["Balanca para bovinos","unidade",7,{"v":1,"d":"1.0"},{"v":1.29,"d":"1.3"},{"v":3,"d":"3.0"},{"v":9,"d":"9.0"}]
["Balanca para veiculos","unidade",2,{"v":1,"d":"1.0"},{"v":1,"d":"1.0"},{"v":1,"d":"1.0"},{"v":2,"d":"2.0"}]
["Barracao para granja/avicultura","unidade",2,{"v":1,"d":"1.0"},{"v":1,"d":"1.0"},{"v":1,"d":"1.0"},{"v":2,"d":"2.0"}]
["Barracao/galpao/garagem","unidade",90,{"v":1,"d":"1.0"},{"v":1.11,"d":"1.1"},{"v":4,"d":"4.0"},{"v":100,"d":"100.0"}]
["Casa de moradia habitada","unidade",206,{"v":1,"d":"1.0"},{"v":1.41,"d":"1.4"},{"v":12,"d":"12.0"},{"v":290,"d":"290.0"}]
["Casa de moradia total","unidade",328,{"v":1,"d":"1.0"},{"v":1.46,"d":"1.5"},{"v":12,"d":"12.0"},{"v":480,"d":"480.0"}]
["Curral/mangueira","unidade",221,{"v":1,"d":"1.0"},{"v":1.05,"d":"1.1"},{"v":5,"d":"5.0"},{"v":231,"d":"231.0"}]
["Deposito/tulha","unidade",132,{"v":1,"d":"1.0"},1.2,{"v":9,"d":"9.0"},{"v":158,"d":"158.0"}]
["Estabulo","unidade",15,{"v":1,"d":"1.0"},{"v":1.07,"d":"1.1"},{"v":2,"d":"2.0"},{"v":16,"d":"16.0"}]
["Estacao/posto meteorologico","unidade",1,{"v":1,"d":"1.0"},{"v":1,"d":"1.0"},{"v":1,"d":"1.0"},{"v":1,"d":"1.0"}]
["Fabrica de farinha","unidade",1,{"v":1,"d":"1.0"},{"v":1,"d":"1.0"},{"v":1,"d":"1.0"},{"v":1,"d":"1.0"}]
["Fabrica de racao","unidade",1,{"v":1,"d":"1.0"},{"v":1,"d":"1.0"},{"v":1,"d":"1.0"},{"v":1,"d":"1.0"}]
["Instalacoes para equinos","unidade",2,{"v":2,"d":"2.0"},{"v":5,"d":"5.0"},{"v":8,"d":"8.0"},{"v":10,"d":"10.0"}]
["Maquina de beneficio","unidade",1,{"v":2,"d":"2.0"},{"v":2,"d":"2.0"},{"v":2,"d":"2.0"},{"v":2,"d":"2.0"}]
["Olaria","unidade",3,{"v":1,"d":"1.0"},{"v":1,"d":"1.0"},{"v":1,"d":"1.0"},{"v":3,"d":"3.0"}]
["Pocilga","unidade",14,{"v":1,"d":"1.0"},{"v":1,"d":"1.0"},{"v":1,"d":"1.0"},{"v":14,"d":"14.0"}]
["Poco semi-artesiano","unidade",42,{"v":1,"d":"1.0"},1.1,{"v":4,"d":"4.0"},{"v":46,"d":"46.0"}]
["Silo para graos","ton",1]
["Silo para silagem","ton",10]
["Terreiro","m2",10]
["Usina de acucar/destilaria","unidade",1,{"v":1,"d":"1.0"},{"v":1,"d":"1.0"},{"v":1,"d":"1.0"},{"v":1,"d":"1.0"}]
["Fonte: Secretaria de Agricultura e Abastecimento, CDRS/IEA, Projeto LUPA."]
[]
["TABELA 101.4 - Outras Estatísticas Agrícolas, Município de Caiabu, Estado de São Paulo, 2016/17."]
["ITEM","Número de UPAs",null,"Percentual"]
["Faz Parte de Associação de Produtores",74,null,{"v":12.627986348122867,"d":"12.6"}]
["Faz Parte de Cooperativa de Produtores",76,null,{"v":12.969283276450511,"d":"13.0"}]
["Faz Parte do Sindicato de Produtores",62,null,{"v":10.580204778156997,"d":"10.6"}]
["Não utiliza assistência técnica ",30,null,{"v":5.1194539249146755,"d":"5.1"}]
["Utiliza somente assistência técnica governamental ",538,null,{"v":91.80887372013652,"d":"91.8"}]
["Utiliza somente assistência técnica privada ",3,null,{"v":0.5119453924914675,"d":"0.5"}]
["Utiliza assistência técnica tanto governamental quanto privada",15,null,{"v":2.559726962457338,"d":"2.6"}]
["Utiliza Crédito Rural",21,null,{"v":3.583617747440273,"d":"3.6"}]
["Utiliza Seguro Rural",4,null,{"v":0.6825938566552902,"d":"0.7"}]
["Utiliza Escrituração Agrícola",12,null,{"v":2.0477815699658706,"d":"2.0"}]
["Acessa Internet p/ Fins na Agropecuária",6,null,{"v":1.0238907849829353,"d":"1.0"}]
["Utiliza Computador nas Atividades Agropecuárias",11,null,{"v":1.877133105802048,"d":"1.9"}]
["Utiliza Energia Elétrica Para Uso na Atividade Agrícola",308,null,{"v":52.55972696245734,"d":"52.6"}]
["Utiliza Energia Alternativa",3,null,{"v":0.5119453924914676,"d":"0.5"}]
["Realiza Análise de Solo, quando necessário",48,null,{"v":8.19112627986348,"d":"8.2"}]
["Realiza Calagem",20,null,{"v":3.4129692832764507,"d":"3.4"}]
["Utiliza Práticas de Conservação de Solo, quando necessário",60,null,{"v":10.238907849829351,"d":"10.2"}]
["Faz Adubação Mineral, quando necessário",78,null,{"v":13.310580204778157,"d":"13.3"}]
["Faz Adubação Orgânica, quando necessário",12,null,{"v":2.0477815699658706,"d":"2.0"}]
["Faz Adubação Verde, quando necessário",1,null,{"v":0.17064846416382254,"d":"0.2"}]
["Utiliza Manejo Integrado de Pragas (MIP)","-",null,"-"]
["Utiliza Hidroponia",1,null,{"v":0.17064846416382254,"d":"0.2"}]
["Utiliza Cultivo em Estufa","-",null,"-"]
["Utiliza Mudas Fiscalizadas",16,null,{"v":2.7303754266211606,"d":"2.7"}]
["Utiliza Semente Melhorada",87,null,{"v":14.84641638225256,"d":"14.8"}]
["Faz Confinamento de Bovinos",3,null,{"v":0.5119453924914676,"d":"0.5"}]
["Utiliza Pastejo Intensivo",11,null,{"v":1.877133105802048,"d":"1.9"}]
["Faz Inseminação Artificial",2,null,{"v":0.3412969283276451,"d":"0.3"}]
["Faz Mineralização do Rebanho",320,null,{"v":54.60750853242321,"d":"54.6"}]
["Faz Vermifugação do Rebanho",335,null,{"v":57.16723549488054,"d":"57.2"}]
["Possui Parceiros /Arrendatários na Exploração Animal",66,null,{"v":11.262798634812286,"d":"11.3"}]
["Existência de trabalhadores c/ deficiência na UPA","-",null,"-"]
["Esporte e lazer",3,null,{"v":0.5119453924914676,"d":"0.5"}]
["Extração mineral","-",null,"-"]
["Hotel Fazenda, Pousada ou SPA","-",null,"-"]
["Pesque-pague","-",null,"-"]
["Restaurante ou Lanchonete","-",null,"-"]
["Transformação artesanal","-",null,"-"]
["Turismo rural ou ecoturismo","-",null,"-"]
["Outras atividades econômicas rurais",5,null,{"v":0.8532423208191127,"d":"0.9"}]
["Agroindústria","-",null,"-"]
["Proprietário sem instrução ou com instrução incompleta",107,null,{"v":18.25938566552901,"d":"18.3"}]
["Proprietário com antigo primário completo",234,null,{"v":39.931740614334466,"d":"39.9"}]
["Proprietário com 1° grau (ou antigo ginasial) completo",57,null,{"v":9.726962457337883,"d":"9.7"}]
["Proprietário com 2° grau (ou antigo colegial) completo",108,null,{"v":18.43003412969283,"d":"18.4"}]
["Proprietário com curso superior completo ",79,null,{"v":13.481228668941979,"d":"13.5"}]
["Pessoa Jurídica",1,null,{"v":0.17064846416382254,"d":"0.2"}]
["Proprietário residente na própria UPA ",185,null,{"v":31.56996587030717,"d":"31.6"}]
["Fonte: Secretaria de Agricultura e Abastecimento, CDRS/IEA, Projeto LUPA."]
[]
["TABELA 101.5 - Área Cultivada, Município de Caiabu, Estado de São Paulo, 2016/17."]
["CULTURA","N.DE UPAs","MÍNIMO","MÉDIO","MÁXIMO","TOTAL"]
["Braquiaria",528,0.3,{"v":22.27,"d":"22.3"},{"v":1140.1,"d":"1,140.1"},{"v":11757.7,"d":"11,757.7"}]
["Cana-de-acucar outras finalidades",37,0.3,{"v":179.57,"d":"179.6"},{"v":3686.8,"d":"3,686.8"},{"v":6644.2,"d":"6,644.2"}]
["Cana-de-acucar finalidade industria",76,0.1,{"v":50.93,"d":"50.9"},{"v":1955,"d":"1,955.0"},{"v":3871,"d":"3,871.0"}]
["Milho safra",42,0.3,5.1,{"v":31,"d":"31.0"},214.2]
["Eucalipto",101,0.1,{"v":1.81,"d":"1.8"},25.1,183.3]
["Outras gramineas para pastagem",11,0.2,{"v":15.49,"d":"15.5"},64.3,170.4]
["Batata-doce",11,0.6,{"v":7.41,"d":"7.4"},26.6,81.5]
["Gramas",10,2.6,{"v":7.49,"d":"7.5"},14.5,74.9]
["Feijao",7,0.6,{"v":2.89,"d":"2.9"},10.4,20.2]
["Outras culturas temporárias",1,{"v":20,"d":"20.0"},{"v":20,"d":"20.0"},{"v":20,"d":"20.0"},{"v":20,"d":"20.0"}]
["Tomate rasteiro",2,{"v":6,"d":"6.0"},{"v":8.55,"d":"8.6"},11.1,17.1]
["Maracuja",5,{"v":1,"d":"1.0"},{"v":3.08,"d":"3.1"},{"v":6,"d":"6.0"},15.4]
["Serigüela",1,12.1,12.1,12.1,12.1]
["Pomar domestico",20,0.1,0.6,{"v":2,"d":"2.0"},11.9]
["Manga",5,0.4,2.1,4.8,10.5]
["Seringueira",4,0.6,{"v":1.58,"d":"1.6"},{"v":3,"d":"3.0"},6.3]
["Mamao",2,0.3,{"v":1.35,"d":"1.4"},2.4,2.7]
["Banana",1,2.1,2.1,2.1,2.1]
["Cafe",5,0.1,0.4,{"v":1,"d":"1.0"},{"v":2,"d":"2.0"}]
["Mandioca",2,0.6,0.9,1.2,1.8]
["Limao",1,{"v":1,"d":"1.0"},{"v":1,"d":"1.0"},{"v":1,"d":"1.0"},{"v":1,"d":"1.0"}]
["Feijao-de-corda",1,0.2,0.2,0.2,0.2]
["Alface",1,0.1,0.1,0.1,0.1]
["Abobora (ou jerimum)",1,0.1,0.1,0.1,0.1]
["Brocolos (ou brocolis)",1,0.1,0.1,0.1,0.1]
["Couve (ou couve-crespa)",1,0.1,0.1,0.1,0.1]
["Fonte: Secretaria de Agricultura e Abastecimento, CDRS/IEA, Projeto LUPA."]